Lenguajes de diagramas de flujo /
Guardado en:
| Otros Autores: | |
|---|---|
| Formato: | Libro |
| Idioma: | Spanish English |
| Publicado: |
México :
Limusa-Wiley,
1973.
|
| Etiquetas: |
Agregar Etiqueta
Sin Etiquetas, Sea el primero en etiquetar este registro!
|
| LEADER | 00705nam a22001815a 4500 | ||
|---|---|---|---|
| 001 | MAT.inmabb002264 | ||
| 008 | 040303s1973####mx#a##########001#0#spa#d | ||
| 005 | 20130710153644.0 | ||
| 245 | 0 | 0 | |a Lenguajes de diagramas de flujo / |c Alexandra I. Forsythe ... [et al.]. |
| 260 | |a México : |b Limusa-Wiley, |c 1973. | ||
| 300 | |a 588 p. : |b il. ; |c 24 cm. | ||
| 500 | |a Traducción de: Computer science : a first course. New York : Wiley, 1969. | ||
| 500 | |a Versión española, José A. Nieto Rodríguez ; revisión, Antonio Olivera Salazar. | ||
| 700 | 1 | |a Forsythe, Alexandra I. | |
| 084 | |a 68-xx |2 msc2000 | ||
| 041 | 1 | |a spa |h eng | |
| 859 | |h 68 |i F649 |p A-3920 |b BIB. MATEMATICA | ||
| 859 | |h 68 |i F649 |p A-5674 |t Ej. 2 |b BIB. MATEMATICA | ||
